| 000 | 00319nam a2200121Ia 4500 | ||
|---|---|---|---|
| 008 | 190902s9999||||xx |||||||||||||| ||und|| | ||
| 020 | _a81-317-0518-8 | ||
| 100 | _aSteers, Ungson | ||
| 245 | 0 | _aManaging Effective Organizations (An Introduction) | |
| 260 |
_aIndia _bThe McGraw-Hill _c1985 |
||
| 300 | _a703 | ||
| 942 | _cBK | ||
| 999 |
_c2755 _d2755 |
||